Practical power systems protection /

Plant operators, electricians, field technicians and engineers will gain a practical understanding of the role and workings of power system protection systems from this work. An understanding of power systems and their optimized management will increase plant efficiency and performance as well as in...

Full description

Bibliographic Details
Main Author: Hewitson, L. G.
Other Authors: Brown, Mark (Electrical engineer), Balakrishnan, Ramesh
Format: eBook
Language:English
Published: Oxford : Newnes, [2005]
Series:Practical professional books from Elsevier.
Subjects:
Online Access:Connect to the full text of this electronic book

MARC

Tag First Indicator Second Indicator Subfields
LEADER 00000cam a2200000Ia 4500
001 in00002425404
005 20210213063624.0
006 m d
007 cr cn|||||||||
008 070806s2005 enka s 001 0 eng d
020 |a 9780750663977 
020 |a 0750663979 
035 |a (OCoLC)ocn162591427 
035 |a (OCoLC)162591427 
037 |a 105433:105461  |b Elsevier Science & Technology  |n http://www.sciencedirect.com 
040 |a OPELS  |c OPELS  |d UtOrBLW 
049 |a TEFA 
050 1 4 |a TK1005  |b .H4858 2005eb 
082 0 4 |a 621.317  |2 22 
100 1 |a Hewitson, L. G. 
245 1 0 |a Practical power systems protection /  |c L.G. Hewitson, Mark Brown, Ramesh Balakrishnan. 
264 1 |a Oxford :  |b Newnes,  |c [2005] 
264 4 |c ©2005 
300 |a x, 277 pages :  |b illustrations ;  |c 27 cm. 
336 |a text  |b txt  |2 rdacontent 
337 |a computer  |b c  |2 rdamedia 
338 |a online resource  |b cr  |2 rdacarrier 
490 1 |a Practical professional books from Elsevier 
533 |a Electronic reproduction.  |b Amsterdam :  |c Elsevier Science & Technology,  |d 2007.  |n Mode of access: World Wide Web.  |n System requirements: Web browser.  |n Title from title screen (viewed on Aug. 2, 2007).  |n Access may be restricted to users at subscribing institutions. 
520 |a Plant operators, electricians, field technicians and engineers will gain a practical understanding of the role and workings of power system protection systems from this work. An understanding of power systems and their optimized management will increase plant efficiency and performance as well as increasing safety levels. This book provides both the underpinning knowledge and basic calculations needed to understand, specify, use and maintain power protection systems, and the practical techniques required on a daily basis. After studying this book you will have an excellent knowledge of the principles of protection. You will also have a better understanding of the possible problems likely to arise in day-to-day work with power protection systems. Key areas of knowledge and expertise developed will include: * Fundamentals of electrical power protection and applications * Different fault types * Perform simple fault and design calculations * Practical knowledge of protection system components * Apply relay settings * Improve the safety of your site with the knowledge gained * Increase plant efficiency, performance and safety levels by developing your understanding of power system protection * Gain a practical knowledge of the engineering challenges of power system protection: fault types, component types, relay settings, etc. * Coverage includes both the fundamentals and the basic fault and design calculations needed to specify, use and maintain power protection systems. 
505 0 |a Need for Protection, Fault Types and Effects, Simple Calculation of Short Circuit Currents, System Grounding, Fuses, Relays, Instrument Transformers, -- Circuit Breakers, Tripping Batteries, Co-ordination by Time Grading, Low Voltage Networks, Mine Underground Distribution Protection, Principles of Unit Protection, Feeder Protection Cable Feeders and Overhead Lines, Transformer Protection, Switchgear (Busbar) Protection, Motor Protection Relays, Generator Protection, Advantages of Unit Protection, Management of Protection. 
500 |a Includes index. 
500 |a Electronic resource. 
650 0 |a Electric power systems  |x Protection. 
655 7 |a Electronic books.  |2 local 
700 1 |a Brown, Mark  |c (Electrical engineer) 
700 1 |a Balakrishnan, Ramesh. 
730 0 |a Referex. 
776 1 |c Original  |z 0750663979  |z 9780750663977  |w (OCoLC)60739977 
830 0 |a Practical professional books from Elsevier. 
856 4 0 |u http://proxy.library.tamu.edu/login?url=http://www.sciencedirect.com/science/book/9780750663977  |z Connect to the full text of this electronic book  |t 0 
994 |a C0  |b TEF 
999 |a MARS 
999 f f |s d5e7e17a-c5dd-38df-82bb-c424929d91ea  |i c33116cd-68a2-3e7e-b8c0-e480c439206c  |t 0 
952 f f |a Texas A&M University  |b College Station  |c Electronic Resources  |d Available Online  |t 0  |e TK1005 .H4858 2005eb  |h Library of Congress classification 
998 f f |a TK1005 .H4858 2005eb  |t 0  |l Available Online